Histoire stratégique fildrong pokémon - Statistiques

Statistiques générales
  • Ce quiz a été pris 194 fois
    139 depuis la dernière actualisation
  • Le résultat moyen est 42 sur 68
Statistiques - réponses
Réponse % Correct
Tortank
89%
Dracaufeu
88%
Florizarre
88%
Laggron
86%
Mew
86%
Tyranocif
85%
Simiabraz
84%
Aligatueur
83%
Braségali
83%
Mewtwo
83%
Ronflex
83%
Jungko
82%
Dracolosse
80%
Méganium
79%
Typhlosion
79%
Dialga
78%
Groudon
78%
Kyogre
78%
Pingoléon
78%
Palkia
77%
Drattak
76%
Rayquaza
76%
Carchacrok
75%
Torterra
75%
Leveinard
74%
Giratina
72%
Majaspic
72%
Ectoplasma
71%
Métalosse
70%
Amphinobi
68%
Arceus
67%
Léviator
67%
Lugia
67%
Darkrai
66%
Entei
64%
Raikou
64%
Suicune
64%
Alakazam
63%
Pikachu
63%
Scorvol
61%
Heatran
57%
Etouraptor
55%
Staross
54%
Cizayox
53%
Magnéton &Magnézone
53%
Lucario
52%
Libégon
51%
Manaphy
51%
Trioxhydre
51%
Tarpaud
50%
Mackogneur
49%
Gardevoir
47%
Azumarill
45%
Noctali
41%
Dimoret
40%
Noadkoko
39%
Ténéfix
39%
Togekiss
39%
Tritosor
37%
Munja
36%
Arcanin
35%
Chapignon
35%
Lockpin
35%
Motisma
33%
Nidoking
29%
Ecremeuh
26%
Elekable
26%
Insolourdo
16%
Aucun quiz correspondant
Distribution des résultats
% des personnes avec chaque résultat
Percentile par nombre de réponses
Votre historique - résultats
Vous n’avez pas pris ce quiz depuis la dernière actualisation